The politics of inclusion and exclusion : jews and nationalism in Hungary
Αποθηκεύτηκε σε:
| Κύριος συγγραφέας: | |
|---|---|
| Μορφή: | Βιβλίο |
| Γλώσσα: | English |
| Δημοσίευση: |
New York; London :
Holmes & Mayer,
c1999
|
| Θέματα: | |
| Ετικέτες: |
Προσθήκη ετικέτας
Δεν υπάρχουν, Καταχωρήστε ετικέτα πρώτοι!
|
MARC
| LEADER | 00000nam a2200000 i 4500 | ||
|---|---|---|---|
| 001 | 1/41584 | ||
| 008 | 031007s1999 eng d | ||
| 020 | |a 0-8419-1402-8 | ||
| 035 | |l 10071014 | ||
| 040 | |a GR-MY-UA |b gre |e aacr | ||
| 041 | 0 | |a eng | |
| 082 | 0 | |a 943.9004924 |2 (21) | |
| 100 | 1 | |a Ranki, Vera. | |
| 245 | 1 | 4 | |a The politics of inclusion and exclusion : |b jews and nationalism in Hungary / |c Vera Ranki |
| 260 | |a New York; London : |b Holmes & Mayer, |c c1999 | ||
| 300 | |a xviii, 269 σ.; |c 22 εκ. | ||
| 504 | |a Περιέχει βιβλιογραφία και ευρετήριο | ||
| 650 | 0 | 0 | |a Jews |z Hungary |x History |y 20th century. |
| 650 | 0 | 0 | |a Antisemitism |z Hungary. |
| 650 | 0 | 0 | |a Nationalism |z Hungary. |
| 650 | 0 | 0 | |a Holocaust, Jewish (1939-1945) |z Hungary. |
| 651 | 0 | |a Hungary |x Ethnic relations. | |
| 852 | |a INST |b LESVOS |e 20031007 |h 943.9004924 RAN |p 005100026729 |q 005100026729 |t BK |y 0 | ||
| 901 | |a BIBL1-2003-3 | ||
| 909 | |a Λ |b 106237 | ||
| 922 | |a 1ΕΛΗ |b 200309 |c ΕΠΕΑΕΚ2/ΤΚΑ |d ΜΙΧΑΛΟΠΟΥΛΟΣ | ||
| 950 | |a 117-2003-06-11 | ||
| 970 | |a ΚΑΡΑ |b ΓΙΑΣΕΜΗ |z 2003/10/13 | ||